[Event "Oberliga Nord W 1516"]
[Site "Germany"]
[Date "2016.04.10"]
[Round "9.8"]
[White "Phunhon Lopez, Daniel Alejandro"]
[Black "Tietze, Manfred"]
[Result "1-0"]
[WhiteElo "1918"]
[BlackElo "1901"]
[PlyCount "101"]
[EventDate "2015.09.20"]
[EventType "team-tourn"]
[EventRounds "9"]
[EventCountry "GER"]
[SourceTitle "EXT 2017"]
[Source "ChessBase"]
[SourceDate "2016.10.25"]
[SourceVersion "1"]
[SourceVersionDate "2016.10.25"]
[SourceQuality "1"]
[WhiteTeam "Hannover"]
[BlackTeam "Goettingen Tempo"]
[WhiteTeamCountry "GER"]
[BlackTeamCountry "GER"]

1. e4 e5 2. Nc3 Nf6 3. Nf3 Nc6 4. d4 exd4 5. Nxd4 d5 6. Bb5 Qd6 7. exd5 Nxd5 8. 0-0 Nde7 9. Re1 Bd7 10. Be3 0-0-0 11. Nxc6 Nxc6 12. Qf3 Qg6 13. a4 a6 14. Bd3 Ne5 15. Qe2 Nxd3 16. cxd3 Bc6 17. Ne4 f5 18. Ng5 Bd6 19. Rac1 Rhe8 20. Rxc6 bxc6 21. Qf3 h6 22. Nh3 Qf6 23. g3 Bb4 24. Rc1 Rd5 25. Nf4 Rd6 26. Ne2 Kd7 27. Rc4 a5 28. Bf4 Rd5 29. d4 Qe6 30. Be5 Rxe5 31. dxe5 Qxc4 32. Qxf5+ Qe6 33. Qd3+ Kc8 34. Qa6+ Kb8 35. Nd4 Qd5 36. Nxc6+ Qxc6 37. Qxc6 Rxe5 38. Qg6 Re7 39. f4 Bc5+ 40. Kg2 Bd4 41. b3 Kb7 42. Qf5 c5 43. Qd5+ Kc7 44. Qa8 Re2+ 45. Kh3 Rb2 46. Qxa5+ Kd6 47. Qb6+ Kd5 48. a5 Ke4 49. a6 c4 50. Qc6+ Kd3 51. Qxc4+ 1-0

[Event "Mittelfrankenliga-B2b 0708"]
[Site "Mittelfranken"]
[Date "2008.02.17"]
[Round "6.8"]
[White "Zimmer, Frank2222"]
[Black "Tietze, Manfred"]
[Result "1-0"]
[WhiteElo "1739"]
[BlackElo "1778"]
[PlyCount "91"]
[EventDate "2007.10.14"]
[EventType "team-tourn"]
[EventRounds "9"]
[EventCountry "GER"]
[SourceTitle "EXT 2011"]
[Source "ChessBase"]
[SourceDate "2010.11.26"]
[SourceVersion "1"]
[SourceVersionDate "2010.11.26"]
[SourceQuality "1"]
[WhiteTeam "Nuernberg SK 1911 II"]
[BlackTeam "Muehlhof"]
[WhiteTeamCountry "GER"]
[BlackTeamCountry "GER"]

1. e4 e6 2. d4 d5 3. exd5 exd5 4. Bd3 Nf6 5. c3 h6 6. Bf4 Bd6 7. Bxd6 Qxd6 8. Nf3 Be6 9. Nbd2 Nbd7 10. Qc2 c6 11. b4 a6 12. a4 0-0 13. 0-0 b5 14. Ra2 Nb6 15. axb5 cxb5 16. Nb3 Na4 17. Nc5 Nxc5 18. bxc5 Qc7 19. Rfa1 Qb7 20. Ra5 Bd7 21. Ne5 Rfe8 22. Qa2 Ne4 23. Bxe4 Rxe5 24. dxe5 dxe4 25. Rxa6 Rxa6 26. Qxa6 Qc7 27. Qa8+ Kh7 28. Qxe4+ g6 29. Qd5 Be6 30. Qd6 Qb7 31. f3 Bd5 32. Rd1 Bb3 33. Rd2 Qa7 34. Qd4 Qa1+ 35. Kf2 Bc4 36. Rd1 Qa2+ 37. Kg3 h5 38. c6 g5 39. Qd2 h4+ 40. Kf2 Qa7+ 41. Qe3 Qa2+ 42. Kg1 Qa4 43. Qe4+ Kg7 44. Qd4 Kh6 45. c7 Qa6 46. Qd6+ 1-0

[Event "Mittelfrankenliga-B2b 0607"]
[Site "Mittelfranken"]
[Date "2007.02.11"]
[Round "6.7"]
[White "Zimmer, Frank2222"]
[Black "Tietze, Manfred"]
[Result "0-1"]
[WhiteElo "1816"]
[BlackElo "1796"]
[PlyCount "108"]
[EventDate "2006.10.22"]
[EventType "team-tourn"]
[EventRounds "9"]
[EventCountry "GER"]
[SourceTitle "EXT 2011"]
[Source "ChessBase"]
[SourceDate "2010.11.26"]
[SourceVersion "1"]
[SourceVersionDate "2010.11.26"]
[SourceQuality "1"]
[WhiteTeam "Nuernberg SK 1911 II"]
[BlackTeam "Muehlhof"]
[WhiteTeamCountry "GER"]
[BlackTeamCountry "GER"]

1. e4 e5 2. Nf3 Nc6 3. d4 exd4 4. c3 dxc3 5. Bc4 d5 6. Bxd5 Be6 7. Bxc6+ bxc6 8. Nxc3 Qxd1+ 9. Nxd1 Bb4+ 10. Bd2 Bxd2+ 11. Nxd2 Rd8 12. Ne3 Ne7 13. Ke2 0-0 14. Rhc1 Rd7 15. Ndc4 Rfd8 16. Rc2 f5 17. Ne5 Rd6 18. exf5 Nxf5 19. Nxc6 Rxc6 20. Rxc6 Nd4+ 21. Ke1 Nxc6 22. Rc1 Nb4 23. Rxc7 Rd7 24. Rxd7 Bxd7 25. a3 Nd3+ 26. Kd2 Nxb2 27. Kc3 Na4+ 28. Kb4 Kf7 29. Ka5 Nc5 30. g3 Ke6 31. f4 Kd6 32. Kb4 Nb7 33. Kc4 a5 34. Kd4 a4 35. Nc4+ Ke6 36. Ne3 Nd6 37. Kc5 Ne4+ 38. Kb4 Nd6 39. Kc5 g6 40. Kb4 Nf5 41. Nc4 Nd4 42. Kc3 Nf3 43. Nb6 Nxh2 44. Nxd7 Kxd7 45. Kb4 h5 46. Kxa4 Kc7 47. Kb4 Nf1 48. Kc3 Nxg3 49. Kd3 h4 50. Ke3 Nf5+ 51. Kf3 Kb6 52. Kg4 Ka5 53. Kg5 h3 54. Kxg6 Ne3 0-1

[Event "Mittelfrankenliga-B2b 0607"]
[Site "Mittelfranken"]
[Date "2007.01.28"]
[Round "5.7"]
[White "Tietze, Manfred"]
[Black "Kordts, Florian"]
[Result "0-1"]
[WhiteElo "1796"]
[BlackElo "1817"]
[PlyCount "117"]
[EventDate "2006.10.22"]
[EventType "team-tourn"]
[EventRounds "9"]
[EventCountry "GER"]
[SourceTitle "EXT 2011"]
[Source "ChessBase"]
[SourceDate "2010.11.26"]
[SourceVersion "1"]
[SourceVersionDate "2010.11.26"]
[SourceQuality "1"]
[WhiteTeam "Muehlhof"]
[BlackTeam "Postbauer II"]
[WhiteTeamCountry "GER"]
[BlackTeamCountry "GER"]

1. e4 c5 2. Nf3 Nc6 3. d4 cxd4 4. Nxd4 g6 5. Nxc6 bxc6 6. Qd4 Nf6 7. e5 Nd5 8. e6 f6 9. exd7+ Qxd7 10. Bd3 Bg7 11. 0-0 0-0 12. Nd2 e5 13. Qh4 f5 14. Bc4 Kh8 15. Nb3 Nb6 16. Be2 Qf7 17. Bg5 Be6 18. Rad1 e4 19. Be7 Rfe8 20. Ba3 Nc4 21. Bxc4 Bxc4 22. Rfe1 Bf6 23. Qh3 Rad8 24. Qe3 Rd7 25. Nc5 Rxd1 26. Rxd1 Bd5 27. b3 g5 28. c4 Qh5 29. Qc1 Bf7 30. Bb2 Qg6 31. Bxf6+ Qxf6 32. Qa1 Qxa1 33. Rxa1 Rd8 34. Kf1 Kg7 35. Ke1 Kf6 36. Rd1 Rxd1+ 37. Kxd1 Ke5 38. Kd2 Kd4 39. Na4 f4 40. Ke2 Bh5+ 41. Ke1 e3 42. fxe3+ fxe3 43. g3 Bg4 44. Nb2 Bf3 45. h4 gxh4 46. gxh4 Bg4 47. Na4 Bf5 48. Kd1 Bb1 49. a3 Ba2 50. Nb2 Bxb3+ 51. Ke2 Bxc4+ 52. Nxc4 Kxc4 53. Kxe3 Kb3 54. Kd4 a5 55. h5 a4 56. h6 c5+ 57. Kxc5 Kxa3 58. Kd6 Kb3 59. Ke7 0-1

[Event "Mittelfrankenliga-B2b 0607"]
[Site "Mittelfranken"]
[Date "2006.10.22"]
[Round "1.7"]
[White "Tietze, Manfred"]
[Black "Muenzenberg, Dietrich"]
[Result "0-1"]
[WhiteElo "1796"]
[BlackElo "1716"]
[PlyCount "120"]
[EventDate "2006.10.22"]
[EventType "team-tourn"]
[EventRounds "9"]
[EventCountry "GER"]
[SourceTitle "EXT 2011"]
[Source "ChessBase"]
[SourceDate "2010.11.26"]
[SourceVersion "1"]
[SourceVersionDate "2010.11.26"]
[SourceQuality "1"]
[WhiteTeam "Muehlhof"]
[BlackTeam "Nuernberg Zabo"]
[WhiteTeamCountry "GER"]
[BlackTeamCountry "GER"]

1. e4 c6 2. d4 d5 3. Nc3 dxe4 4. Nxe4 Bf5 5. Ng3 Bg6 6. Nf3 Nd7 7. Nh4 e6 8. Nxg6 hxg6 9. Be3 Ngf6 10. Bc4 Bd6 11. Bd3 Qc7 12. Qf3 0-0-0 13. 0-0-0 Qa5 14. Kb1 Nb6 15. Bd2 Qa4 16. c3 Nc4 17. Bxc4 Qxc4 18. Bf4 Bxf4 19. Qxf4 Rd5 20. Qd2 Ra5 21. b3 Qd5 22. c4 Qd8 23. f3 b6 24. h3 Qc7 25. Ne2 Rd8 26. Qb2 Rf5 27. Rhf1 Rh5 28. Rfe1 Qh2 29. Nc3 Qf4 30. Ne2 Qh2 31. Nc3 Qf4 32. Qf2 e5 33. d5 cxd5 34. cxd5 Qf5+ 35. Qc2 Qxc2+ 36. Kxc2 a6 37. Rh1 Kc7 38. g4 Rhh8 39. g5 Nh5 40. Ne4 f5 41. Nc3 Kd6 42. Ne2 Rc8+ 43. Kb2 Rc5 44. Nc3 Rhc8 45. Rc1 Nf4 46. Rhd1 Nxh3 47. Rh1 Nf2 48. Ne4+ fxe4 49. Rxc5 Rxc5 50. Rh7 Rc7 51. fxe4 Nxe4 52. Rh8 Kxd5 53. Rd8+ Ke6 54. Rb8 Rc6 55. Rb7 Nxg5 56. Rxg7 Kf6 57. Ra7 a5 58. Ra8 e4 59. Ka3 e3 60. Rf8+ Nf7 0-1

[Event "Alfeld Bezirk 3-ch"]
[Site "Alfeld"]
[Date "2005.10.03"]
[Round "5"]
[White "Tietze, Manfred"]
[Black "Doerge, Sven"]
[Result "0-1"]
[WhiteElo "1817"]
[BlackElo "1869"]
[PlyCount "154"]
[EventDate "2005.10.01"]
[EventType "swiss"]
[EventRounds "5"]
[EventCountry "GER"]
[SourceTitle "EXT 2007"]
[Source "ChessBase"]
[SourceDate "2006.11.23"]
[SourceVersion "1"]
[SourceVersionDate "2006.11.23"]
[SourceQuality "1"]

1. d4 d5 2. Nf3 e6 3. e3 f5 4. c4 Nf6 5. Nc3 c6 6. Be2 Bd6 7. 0-0 Nbd7 8. b3 Ne4 9. Bb2 Ndf6 10. Ne5 Nxc3 11. Bxc3 Ne4 12. Bb2 Qg5 13. f4 Qh4 14. Qe1 Qe7 15. a3 0-0 16. b4 g5 17. g3 g4 18. Kg2 Kg7 19. Rh1 Bd7 20. h3 h5 21. hxg4 hxg4 22. Rh5 Rh8 23. Qh1 Rxh5 24. Qxh5 Bxe5 25. Rh1 Kg8 26. dxe5 Qg7 27. Rh4 Be8 28. Qh6 Qxh6 29. Rxh6 Bf7 30. Rh1 dxc4 31. Bxc4 Rd8 32. Re1 b5 33. Bf1 Rd2+ 34. Re2 Rd1 35. Rc2 Be8 36. Be2 Re1 37. Bd4 a6 38. Bd3 c5 39. bxc5 Bc6 40. Bxe4 Bxe4+ 41. Kf2 Rh1 42. Rb2 Kf7 43. Rd2 Rh2+ 44. Ke1 Rh3 45. Kf2 Ke8 46. Bc3 Bd5 47. Bb4 Kd7 48. Bc3 Kc6 49. Bd4 Bc4 50. Kg2 Rh7 51. e4 fxe4 52. Be3 Bd5 53. Rd1 a5 54. Rf1 Rh5 55. Rb1 Bc4 56. Rb2 Bd3 57. Bf2 Rh7 58. Be3 Kd5 59. Bd2 Ra7 60. Be3 Ra6 61. Kf2 b4 62. axb4 axb4 63. Bd2 Kxc5 64. Bxb4+ Kd4 65. Bd2 Ra1 66. Be3+ Kc3 67. Rb6 Ra2+ 68. Kg1 Re2 69. Bc5 Kc4 70. Bd6 e3 71. Rc6+ Kd5 72. Rc1 Ke4 73. Kh1 Kf3 74. Rg1 Rc2 75. Be7 Be4 76. Bd8 Ke2+ 77. Kh2 Kd3+ 0-1

[Event "Alfeld Bezirk 3-ch"]
[Site "Alfeld"]
[Date "2005.10.02"]
[Round "3"]
[White "Weber, Frank"]
[Black "Tietze, Manfred"]
[Result "0-1"]
[WhiteElo "1656"]
[BlackElo "1817"]
[PlyCount "42"]
[EventDate "2005.10.01"]
[EventType "swiss"]
[EventRounds "5"]
[EventCountry "GER"]
[SourceTitle "EXT 2007"]
[Source "ChessBase"]
[SourceDate "2006.11.23"]
[SourceVersion "1"]
[SourceVersionDate "2006.11.23"]
[SourceQuality "1"]

1. c4 Nf6 2. g3 d5 3. cxd5 Nxd5 4. Bg2 e5 5. d3 Nc6 6. a3 Be6 7. Bd2 Qd7 8. Nc3 0-0-0 9. Qa4 f5 10. 0-0-0 Be7 11. Nf3 h6 12. Nxd5 Bxd5 13. e4 Be6 14. Be3 a6 15. exf5 Bxf5 16. d4 Bh7 17. h4 Qd5 18. Ne1 e4 19. Bf1 Bg8 20. Nc2 Qa2 21. d5 Bxd5 0-1

[Event "Mittelfranken-chT 0405"]
[Site "Germany"]
[Date "2005.04.17"]
[Round "9.3"]
[White "Horstmann, Astrid"]
[Black "Tietze, Manfred"]
[Result "1/2-1/2"]
[WhiteElo "1784"]
[BlackElo "1810"]
[PlyCount "120"]
[EventDate "2004.10.17"]
[EventType "team"]
[EventRounds "9"]
[EventCountry "GER"]
[SourceTitle "EXT 2007"]
[Source "ChessBase"]
[SourceDate "2006.11.23"]
[SourceVersion "1"]
[SourceVersionDate "2006.11.23"]
[SourceQuality "1"]

1. c4 c5 2. Nf3 Nc6 3. d4 cxd4 4. Nxd4 g6 5. e4 Bg7 6. Be3 Nxd4 7. Bxd4 e5 8. Be3 Nf6 9. Nc3 0-0 10. Be2 b6 11. 0-0 Bb7 12. f3 Nh5 13. Qd2 Bc6 14. Rfd1 f5 15. b4 fxe4 16. fxe4 Qh4 17. Bf3 Nf4 18. b5 Bb7 19. c5 bxc5 20. Bxc5 Rf7 21. Rf1 Ne6 22. Be3 Nd4 23. Bg5 Nxf3+ 24. Rxf3 Qg4 25. Rxf7 Kxf7 26. h3 Qe6 27. Rd1 Bc8 28. Nd5 Kg8 29. Nc7 Qb6+ 30. Kh1 Rb8 31. Rc1 Qd4 32. a4 Qxd2 33. Bxd2 Bb7 34. Re1 Bf8 35. Be3 Rc8 36. Nd5 a5 37. bxa6 Bxa6 38. Nf6+ Kg7 39. Nxd7 Bb4 40. Rb1 Rc4 41. Nxe5 Rxe4 42. Nc6 Rxe3 43. Rxb4 Bd3 44. Kg1 h5 45. a5 Re1+ 46. Kf2 Ra1 47. Rb7+ Kf6 48. Nb4 Bc4 49. Rb6+ Kf5 50. a6 g5 51. Rc6 Rf1+ 52. Ke3 Re1+ 53. Kd4 Re4+ 54. Kc3 Bf1 55. a7 Re8 56. Rb6 Ra8 57. Nd5 Bxg2 58. Ne3+ Ke4 59. Nxg2 Rxa7 60. h4 Ra3+ 1/2-1/2

[Event "Mittelfranken-chT 0405"]
[Site "Germany"]
[Date "2004.12.05"]
[Round "3.3"]
[White "Tietze, Manfred"]
[Black "Thuerauf, Peter"]
[Result "1-0"]
[WhiteElo "1810"]
[BlackElo "1824"]
[PlyCount "63"]
[EventDate "2004.10.17"]
[EventType "team"]
[EventRounds "9"]
[EventCountry "GER"]
[SourceTitle "EXT 2007"]
[Source "ChessBase"]
[SourceDate "2006.11.23"]
[SourceVersion "1"]
[SourceVersionDate "2006.11.23"]
[SourceQuality "1"]

1. d4 d5 2. Nc3 f5 3. Nf3 c6 4. Bf4 Nf6 5. Ne5 e6 6. e3 Bb4 7. Bd3 Qa5 8. 0-0 Bxc3 9. bxc3 Qxc3 10. g4 fxg4 11. Nxg4 Nbd7 12. Nxf6+ Nxf6 13. Be5 0-0 14. Kh1 Qb4 15. Rg1 Qe7 16. Qe2 Rf7 17. Rg2 Bd7 18. Rag1 Kh8 19. Bxf6 Qxf6 20. Qh5 h6 21. f4 Raf8 22. Rg6 Qe7 23. Qe5 Rf6 24. Rxg7 Qxg7 25. Rxg7 Kxg7 26. Qc7 R8f7 27. Qxb7 Be8 28. Qb4 h5 29. c4 Kh6 30. Qb8 Re7 31. Qe5 Kg7 32. Qg5+ 1-0

[Event "Mittelfranken-chT 0405"]
[Site "Germany"]
[Date "2004.11.07"]
[Round "2.3"]
[White "Diller, Peter"]
[Black "Tietze, Manfred"]
[Result "1/2-1/2"]
[WhiteElo "1821"]
[BlackElo "1821"]
[PlyCount "121"]
[EventDate "2004.10.17"]
[EventType "team"]
[EventRounds "9"]
[EventCountry "GER"]
[SourceTitle "EXT 2007"]
[Source "ChessBase"]
[SourceDate "2006.11.23"]
[SourceVersion "1"]
[SourceVersionDate "2006.11.23"]
[SourceQuality "1"]

1. e4 c5 2. f4 e5 3. Bc4 exf4 4. Nf3 d6 5. d3 Nf6 6. Bxf4 Be7 7. 0-0 0-0 8. Nc3 Nc6 9. h3 Na5 10. Bd5 Be6 11. Bxe6 fxe6 12. e5 dxe5 13. Bxe5 Nc6 14. Qe2 Nxe5 15. Qxe5 Qb6 16. Ng5 Nd7 17. Qxe6+ Qxe6 18. Nxe6 Rxf1+ 19. Rxf1 Bf6 20. Ne4 b6 21. Nxf6+ Nxf6 22. Re1 Re8 23. Kf2 Nd5 24. a3 h6 25. c4 Nf6 26. b4 Kf7 27. Nc7 Rxe1 28. Kxe1 Nd7 29. Kd2 g5 30. Ke3 Ke7 31. Nd5+ Ke6 32. b5 Kd6 33. Ke4 Ke6 34. g3 Ne5 35. Nc7+ Kd6 36. Ne8+ Ke6 37. Ng7+ Kf6 38. Nf5 Nf7 39. g4 Ke6 40. a4 Kf6 41. d4 cxd4 42. Nxd4 Ne5 43. Kd5 Nd3 44. Nc6 Nf4+ 45. Ke4 Nxh3 46. Nxa7 Nf2+ 47. Kd4 Nxg4 48. a5 bxa5 49. c5 a4 50. c6 a3 51. Kc3 Ne3 52. Kb3 a2 53. Kxa2 Nd5 54. Nc8 Nc3+ 55. Kb3 Nxb5 56. Kc4 Nc7 57. Kd4 g4 58. Nd6 h5 59. Ke3 h4 60. Kf4 g3 61. Ne4+ 1/2-1/2

[Event "Suedniedersachsen distr-ch"]
[Site "Bad Salzdetfurth"]
[Date "2004.10.17"]
[Round "4"]
[White "Tietze, Manfred"]
[Black "Schulz, Michael4444"]
[Result "0-1"]
[WhiteElo "1886"]
[BlackElo "1887"]
[PlyCount "132"]
[EventDate "2004.10.15"]
[EventType "swiss"]
[EventRounds "5"]
[EventCountry "GER"]
[SourceTitle "EXT 2008"]
[Source "ChessBase"]
[SourceDate "2007.11.25"]
[SourceVersion "1"]
[SourceVersionDate "2007.11.25"]
[SourceQuality "1"]

1. e4 e5 2. Nc3 Bc5 3. f4 d6 4. Nf3 Bg4 5. Na4 Nd7 6. Nxc5 Nxc5 7. d3 f5 8. h3 Bxf3 9. Qxf3 fxe4 10. dxe4 exf4 11. Bxf4 Qe7 12. Bd3 0-0-0 13. 0-0 Nf6 14. Bg5 Rhf8 15. Rae1 Kb8 16. Qe3 Rde8 17. b4 Ncd7 18. Qd4 Qe5 19. Be3 Qxd4 20. Bxd4 Ne5 21. Rf5 g6 22. Rf2 Nfd7 23. Ref1 Rxf2 24. Rxf2 Rf8 25. Rxf8+ Nxf8 26. Bxe5 dxe5 27. Bc4 Nd7 28. Kf2 Nf6 29. Kf3 Kc8 30. h4 h6 31. g4 g5 32. hxg5 hxg5 33. Be6+ Kd8 34. Ke3 Ke7 35. Bc8 b6 36. Kd3 Kd6 37. Bf5 c5 38. Kc4 cxb4 39. Kxb4 Kc6 40. a4 a5+ 41. Kc4 Ne8 42. Be6 Nd6+ 43. Kd3 Kc5 44. c3 b5 45. axb5 Kxb5 46. Bd7+ Kc5 47. Ba4 Nc4 48. Bd7 a4 49. Be6 Nd6 50. Bd5 a3 51. Kc2 Nc4 52. Kb3 Ne3 53. Be6 Nd1 54. Kc2 Nf2 55. Bf5 Kc4 56. Be6+ Kc5 57. Bf5 a2 58. Kb2 Nd1+ 59. Kxa2 Nxc3+ 60. Kb3 Kd4 61. Kc2 Nxe4 62. Kd1 Ke3 63. Ke1 Kf3 64. Bc8 Nf6 65. Bb7+ Kxg4 66. Kf2 Kf4 0-1

[Event "Suedniedersachsen distr-ch"]
[Site "Bad Salzdetfurth"]
[Date "2004.10.15"]
[Round "1"]
[White "Holloway, Claudia"]
[Black "Tietze, Manfred"]
[Result "0-1"]
[WhiteElo "1505"]
[BlackElo "1886"]
[PlyCount "28"]
[EventDate "2004.10.15"]
[EventType "swiss"]
[EventRounds "5"]
[EventCountry "GER"]
[SourceTitle "EXT 2008"]
[Source "ChessBase"]
[SourceDate "2007.11.25"]
[SourceVersion "1"]
[SourceVersionDate "2007.11.25"]
[SourceQuality "1"]

1. e4 e5 2. Nf3 Nc6 3. Bc4 Bc5 4. d3 d6 5. Ng5 Nh6 6. Qh5 Qf6 7. Qf3 Qe7 8. c3 0-0 9. Qd1 Kh8 10. h3 f5 11. h4 Ng4 12. 0-0 fxe4 13. Nf7+ Rxf7 14. Bxf7 Qxh4 0-1

[Event "Baunatal op 7th"]
[Site "Baunatal"]
[Date "2001.08.15"]
[Round "7"]
[White "Herrmann, Arnd Peter"]
[Black "Tietze, Manfred"]
[Result "1-0"]
[WhiteElo "2117"]
[BlackElo "1923"]
[PlyCount "43"]
[EventDate "2001.08.08"]
[EventType "swiss"]
[EventRounds "7"]
[EventCountry "GER"]
[SourceTitle "EXT 2002"]
[Source "ChessBase"]
[SourceDate "2001.11.25"]
[SourceVersion "1"]
[SourceVersionDate "2001.11.25"]
[SourceQuality "1"]

1. d4 Nf6 2. c4 d6 3. Nc3 Nbd7 4. e4 e5 5. d5 g6 6. Be3 h5 7. f3 Be7 8. Qd2 Nh7 9. g3 Bg5 10. f4 Bh6 11. 0-0-0 0-0 12. Nf3 Qe7 13. Bh3 Nhf6 14. f5 Bxe3 15. Qxe3 Ng4 16. Bxg4 hxg4 17. Nh4 Kg7 18. Rdf1 g5 19. f6+ Nxf6 20. Qxg5+ Kh7 21. Rxf6 a6 22. Rh6# 1-0

[Event "Mittelfranken-ch Nord"]
[Site "Roethenbach"]
[Date "1996.??.??"]
[Round "1"]
[White "Gawlas, Gunder"]
[Black "Tietze, Manfred"]
[Result "1/2-1/2"]
[WhiteElo "1605"]
[BlackElo "1830"]
[PlyCount "85"]
[EventDate "1996.??.??"]
[EventType "swiss"]
[EventRounds "7"]
[EventCountry "GER"]
[SourceTitle "EXT 2004"]
[Source "ChessBase"]
[SourceDate "2003.11.25"]
[SourceVersion "1"]
[SourceVersionDate "2003.11.25"]
[SourceQuality "1"]

1. e4 c5 2. Nf3 Nc6 3. Bc4 e6 4. 0-0 d5 5. exd5 exd5 6. Be2 d4 7. d3 Nf6 8. Bg5 Be7 9. Nbd2 0-0 10. Bxf6 Bxf6 11. Ne4 Be7 12. Qd2 f5 13. Ng3 f4 14. Ne4 Qc7 15. c3 Bg4 16. Nfg5 Bxe2 17. Qxe2 Bxg5 18. Nxg5 Rae8 19. Qf3 Qd7 20. Rae1 Ne5 21. Qd1 h6 22. Nf3 Nxf3+ 23. Qxf3 dxc3 24. bxc3 Rd8 25. Rd1 Qd5 26. Qxd5+ Rxd5 27. Rd2 f3 28. Re1 fxg2 29. Re3 b5 30. Kxg2 Rfd8 31. a3 a5 32. Kf1 b4 33. axb4 axb4 34. cxb4 cxb4 35. Ke2 Rh5 36. Rb2 Rb8 37. h3 Rd5 38. Rb3 Ra5 39. Re4 Ra2+ 40. Ke3 Rf8 41. f3 Rh2 42. Rbxb4 Rxh3 43. Rf4 1/2-1/2

[Event "Mittelfranken-ch Nord"]
[Site "Roethenbach"]
[Date "1996.??.??"]
[Round "4"]
[White "Tietze, Manfred"]
[Black "Heinkelmann, Josef"]
[Result "1/2-1/2"]
[WhiteElo "1830"]
[BlackElo "1930"]
[PlyCount "88"]
[EventDate "1996.??.??"]
[EventType "swiss"]
[EventRounds "7"]
[EventCountry "GER"]
[SourceTitle "EXT 2004"]
[Source "ChessBase"]
[SourceDate "2003.11.25"]
[SourceVersion "1"]
[SourceVersionDate "2003.11.25"]
[SourceQuality "1"]

1. e4 c5 2. Nf3 Nc6 3. Nc3 d6 4. Bb5 Bd7 5. 0-0 Nf6 6. Bxc6 Bxc6 7. Re1 e6 8. d3 Be7 9. b3 a6 10. a4 0-0 11. Bb2 Qc7 12. Ne2 b5 13. a5 c4 14. Ng3 cxb3 15. cxb3 Rac8 16. Bd4 Bb7 17. Bb6 Qc2 18. Rc1 Qxd1 19. Rexd1 Rxc1 20. Rxc1 Rc8 21. Rc7 Rxc7 22. Bxc7 g6 23. Ne2 Nd7 24. Kf1 Nc5 25. Nc1 e5 26. Bb6 Nd7 27. Be3 f6 28. Nd2 d5 29. exd5 Bxd5 30. Ne4 Kf7 31. Nc3 Bb7 32. Ne4 Ke6 33. f3 Bd5 34. Bd2 Ba3 35. b4 Bxe4 36. dxe4 f5 37. exf5+ gxf5 38. Nd3 Kd5 39. Ke2 e4 40. fxe4+ fxe4 41. Ne1 Ne5 42. Nc2 Bb2 43. Ne3+ Kd4 44. Nf5+ Kd5 1/2-1/2

[Event "Mittelfranken-ch Nord"]
[Site "Roethenbach"]
[Date "1996.??.??"]
[Round "3"]
[White "Zippel, Harald"]
[Black "Tietze, Manfred"]
[Result "1/2-1/2"]
[WhiteElo "1830"]
[BlackElo "1830"]
[PlyCount "38"]
[EventDate "1996.??.??"]
[EventType "swiss"]
[EventRounds "7"]
[EventCountry "GER"]
[SourceTitle "EXT 2004"]
[Source "ChessBase"]
[SourceDate "2003.11.25"]
[SourceVersion "1"]
[SourceVersionDate "2003.11.25"]
[SourceQuality "1"]

1. e4 c6 2. d4 d5 3. Nc3 dxe4 4. Nxe4 Bf5 5. Ng3 Bg6 6. Nf3 e6 7. Bd3 Nf6 8. 0-0 Be7 9. c4 Nbd7 10. Qb3 Bxd3 11. Qxd3 h5 12. Bg5 Ng4 13. Bxe7 Qxe7 14. Nf5 Qf8 15. d5 cxd5 16. cxd5 0-0-0 17. dxe6 fxe6 18. Qc3+ Kb8 19. N5d4 Qf6 1/2-1/2